Anuario estadístico de América Latina y el Caribe, edición 1994

Shranjeno v:
Bibliografske podrobnosti
Corporate Authors: Comisión Económica para América Latina y el Caribe (Author), Economic Commission for Latin America and the Caribbean (Author)
Format: Knjiga
Jezik:angleščina
španščina
Izdano: Santiago CEPAL 1995
Nueva York United Nations 1995
Teme:
Oznake: Označite
Brez oznak, prvi označite!

MARC

LEADER 00000nam a2200000 a 4500
001 UCL5838
003 CL-VaPUC
008 040319e19950000cl |||||||||||||||||eng|d
020 |a 9210210344 
041 0 7 |a eng  |2 CL-VaPUC 
041 0 7 |a spa  |2 CL-VaPUC 
082 0 4 |a 310.98  |b COM  |2 21 
110 2 |a Comisión Económica para América Latina y el Caribe  |e author  |9 483536 
710 2 |a Economic Commission for Latin America and the Caribbean  |e author  |9 483537 
245 1 0 |a Anuario estadístico de América Latina y el Caribe, edición 1994 
246 1 0 |a Statistical yearbook for Latin America and the Caribbean, 1994 edition 
300 |a 782 p 
942 |c BK 
945 |d 20040319 00:00:00  |a cmena 
260 |a Santiago  |b CEPAL  |c 1995 
260 |a Nueva York  |b United Nations  |c 1995 
650 0 |a Anuarios  |9 258977 
650 0 |a Estadísticas  |9 258644 
650 0 |a Desarrollo económico y social   |9 256320 
651 0 |a América Latina   |9 255027 
583 |a last modification  |c 20150413 11:05:42  |k Rodrigo Vera 
999 |c 308222  |d 308220 
952 |0 0  |1 0  |4 0  |6 310_980000000000000_COM_1995_1995  |7 0  |8 A  |9 374558  |a BIBING  |b BIBING  |d 2019-11-21  |i 3198502  |o 310.98 COM 1995 1995  |p 3198502  |r 2025-01-20  |w 2019-11-21  |y BK  |k GEO